Animated TV Show by Picture Quiz Stats

 Plays Quiz Updated Aug 30, 2014

Support Sporcle.
Go Orange.
Score 0/20 Timer 07:00
8 Plays Today
% Correct
The Simpsons
99.8%
SpongeBob SquarePants
97.1%
Family Guy
96.9%
The Smurfs
95.1%
Tom and Jerry
94.6%
South Park
94.3%
The Flintstones
93.8%
Futurama
90.9%
The Jetsons
90.1%
American Dad!
86.6%
% Correct
Beavis and Butt-head
85.8%
Pokémon
85.6%
King of the Hill
83.6%
Pinky and the Brain
77.5%
Avatar: The Last Airbender
71.8%
Archer
69.7%
Adventure Time
64%
Courage the Cowardly Dog
52.1%
Samurai Jack
51%
Teen Titans
50.9%

You're not logged in!

Compare scores with friends on all Sporcle quizzes.
OR
Log In

From the Vault

Poster Portions (2007)

by Sheldon

Who keeps cutting our movie posters into little pieces?
Remove Ads.
Support Sporcle.
Get the best of Sporcle when you Go Orange. This ad-free experience offers more features, more stats, and more fun while also helping to support Sporcle. Thank you for becoming a member.

Show Comments

Extras

Top Quizzes Today


Score Distribution

Your Account Isn't Verified!

In order to create a playlist on Sporcle, you need to verify the email address you used during registration. Go to your Sporcle Settings to finish the process.

Report this User

Report this user for behavior that violates our Community Guidelines.

Details: